000 00761nam a2200229 a 4500
005 20230826063550.0
008 030620s1986 mx r 000 0 spa d
020 _a9682907365
035 _aUPN01000126399
049 _aSEP
050 4 _aLB1589
_bF8.7
100 1 _aFuenlabrada Velázquez, Irma Rosa
_937094
245 1 0 _aSistemas de numeración /
_cIrma Fuenlabrada, Martha Dávila, Cristina Espinosa.
260 _aMéxico :
_bIPN, Centro de Investigaciones y de Estudios Avanzados,
_c1986.
300 _a49 p.
440 0 _aCuadernos de educación DIE
650 4 _aMatemáticas
_xEstudio y enseñanza (Elemental)
_92809
650 2 _aNumeración
_926
700 1 _aDávila, Martha,
_ecoaut.
700 1 _aEspinosa, Cristina,
_ecoaut.
905 _aLibro
999 _c98578
_d98578